000 00542nam a2200157 a 4500
001 000038034
005 20240305141038.0
008 130312s2012 dr 000 0 spa d
020 _a9789945882759
040 _aDO-SdBNP
_bspa
_cBNPHU
100 1 _aGalán, Bismar,
_d1961-
_91490
245 1 0 _aEn ti mis versos anudo :
_bdécimas a San Juan de la Maguana /
_cBismar Galán.
260 _aSanto Domingo :
_bRecinto Urania Montás,
_c2012.
300 _a60 p. ;
_c18 cm.
500 _aIncluye datos biográficos del autor en la solapa de la cubierta
999 _c37524
_d37524